| 000 | 00350nam a2200133 a 4500 | ||
|---|---|---|---|
| 001 | 3994 | ||
| 003 | CDMR | ||
| 005 | 20130116135250.0 | ||
| 008 | 130130s1987||||||||||||||||||||||||||||d | ||
| 040 |
_aCDMR _bcat _cCDMR |
||
| 245 | 0 |
_aAnuario 1986 _bIII. Los protagonistas del año del cometa |
|
| 260 |
_aBarcelona _c1987 _bDifusora Internacional |
||
| 942 | _cMON | ||
| 999 |
_c3994 _d3994 |
||